Lessons for Effective Fiscal Decentralization in Sub-Saharan Africa /

Fiscal decentralization is becoming a pressing issue in a number of countries in sub-Saharan Africa, reflecting demands for a greater local voice in spending decisions and efforts to strengthen social cohesion. Against this backdrop, this paper seeks to distill the lessons for an effective fiscal de...

Πλήρης περιγραφή

Λεπτομέρειες βιβλιογραφικής εγγραφής
Κύριος συγγραφέας: Hobdari, Niko
Άλλοι συγγραφείς: Dell'Erba, Salvatore, Nguyen, Vina, Ruggiero, Edgardo
Μορφή: Επιστημονικό περιοδικό
Γλώσσα:English
Έκδοση: Washington, D.C. : International Monetary Fund, 2018.
Σειρά:Departmental Papers; Departmental Paper ; No. 2018/009
Θέματα:
Διαθέσιμο Online:Full text available on IMF
LEADER 02967cas a2200289 a 4500
001 AALejournalIMF022064
008 230101c9999 xx r poo 0 0eng d
020 |c 20.00 USD 
020 |z 9781484358269 
022 |a 2616-5333 
040 |a BD-DhAAL  |c BD-DhAAL 
100 1 |a Hobdari, Niko. 
245 1 0 |a Lessons for Effective Fiscal Decentralization in Sub-Saharan Africa /  |c Niko Hobdari, Vina Nguyen, Salvatore Dell'Erba, Edgardo Ruggiero. 
264 1 |a Washington, D.C. :  |b International Monetary Fund,  |c 2018. 
300 |a 1 online resource (63 pages) 
490 1 |a Departmental Papers 
500 |a <strong>Off-Campus Access:</strong> No User ID or Password Required 
500 |a <strong>On-Campus Access:</strong> No User ID or Password Required 
506 |a Electronic access restricted to authorized BRAC University faculty, staff and students 
520 3 |a Fiscal decentralization is becoming a pressing issue in a number of countries in sub-Saharan Africa, reflecting demands for a greater local voice in spending decisions and efforts to strengthen social cohesion. Against this backdrop, this paper seeks to distill the lessons for an effective fiscal decentralization reform, focusing on the macroeconomic aspects. The main findings for sub-Saharan African countries that have decentralized, based on an empirical analysis and four case studies (Kenya, Nigeria, South Africa, Uganda), are as follows: -- Determinants and effectiveness: Empirical results suggest that (1) the major driving forces behind fiscal decentralization in sub-Saharan Africa include efforts to defuse ethnic conflicts, the initial level of income, and the urban-ization rate, whereas strength of democracy is not an important determi-nant for decentralization; and (2) decentralization in sub-Saharan Africa is associated with higher growth in the presence of stronger institutions. -- Spending assignments: The allocation of spending across levels of gov-ernment in the four case studies is broadly consistent with best practice. However, in Uganda, unlike in the other three case studies, subnational governments have little flexibility to make spending decisions as a result of a deconcentrated rather than a devolved system of government. -- Own revenue: The assignment of taxing powers is broadly in line with best practice in the four case studies, with the bulk of subnational revenue coming from property taxes and from fees for local services. However, own revenues are a very small fraction of subnational spending, reflecting weak cadaster systems and a high level of informality in the economy. 
538 |a Mode of access: Internet 
650 7 |a Fiscal Policy  |2 imf 
700 1 |a Dell'Erba, Salvatore. 
700 1 |a Nguyen, Vina. 
700 1 |a Ruggiero, Edgardo. 
830 0 |a Departmental Papers; Departmental Paper ;  |v No. 2018/009 
856 4 0 |z Full text available on IMF  |u http://elibrary.imf.org/view/journals/087/2018/009/087.2018.issue-009-en.xml  |z IMF e-Library